00902nam a2200217Ia 4500008004100000020001500041100003000056245009000086250002100176300002800197490001400225500006500239650019200304700002700496264002700523336002700550337003300577338002800610040003500638084001100673161108s9999 xx 000 0 und d a8433914855 aCapote, Truman, 1924-1984 aOtras voces, otros ámbitos /c Truman Capote ; traducción de Víctor Rodríguez aCuarta edición a229 páginas ;c 20 cm aCompactos aTítulo de la edición original: Other Voices, Other Rooms aNovela Estadounidense - Siglo Xx / Literatura Estadounidense - Siglo Xx / Autores Estadounidenses - Siglo Xx / Relacion Padres - Hijos - Novela / Muerte - Novela / Desde Los 15 A{Aelig}Os aRodríguez, Víictor aBarcelona :b Anagrama atextobtxt2rdacontent asin mediaciónbn2rdamedia avolumenbnc2rdacarrier aCO-BoRNBPbspaerdacCO-BoRNBP aN CAP1